Statistics for NBA All-Stars By Letter - A

Click here to take the quiz!

General Stats

  • This quiz has been taken 110 times
    (38 since last reset)
  • The average score is 9 of 17

Answer Stats

Players Selections Last Teams % Correct
Kareem Abdul-Jabbar191989Bucks-Lakers
88%
Giannis Antetokounmpo42020Bucks
85%
Carmelo Anthony102017Nuggets-Knicks
85%
Ray Allen102011Bucks-SuperSonics-Celtics
81%
Gilbert Arenas22007Wizards
69%
LaMarcus Aldridge72019Trail Blazers-Spurs
62%
Bam Adebayo12020Heat
58%
B.J. Armstrong11994Bulls
54%
Mark Aguirre31988Mavericks
46%
Ron Artest12004Pacers
46%
Kenny Anderson11994Nets
42%
Nate Archibald61982Kings-Celtics
42%
Paul Arizin101962Warriors
42%
Danny Ainge11988Celtics
38%
Alvan Adams11976Suns
31%
Michael Adams11992Bullets
27%
Shareef Abdur Rahim12002Hawks
8%

Score Distribution

Percentile by Number Answered

Percent of People with Each Score

Your Score History

You have not taken this quiz since the last reset